000 00389nam a2200157Ia 4500
003 Ost
005 20260225132546.0
008 260225s9999||||xx |||||||||||||| ||und||
040 _cfsic
041 _afre
082 _a440
100 _aJoelle Redouane
_eAuteur
245 0 _aLa traductorologie , scince et philosophie de la traduction /
245 0 _cJoelle Redouane
942 _cكتاب
999 _c33817
_d33817